[Event "SWE-chT 1415 Superettan"]
[Site "Sweden"]
[Date "2015.03.07"]
[Round "6"]
[White "Johansson, Thomas"]
[Black "Norager, Mattias"]
[Result "1-0"]
[WhiteElo "2201"]
[BlackElo "1763"]
[PlyCount "95"]
[EventDate "2014.11.21"]
[EventType "team-tourn"]
[EventRounds "9"]
[EventCountry "SWE"]
[SourceTitle "EXT 2018"]
[Source "ChessBase"]
[SourceDate "2017.10.13"]
[SourceVersion "1"]
[SourceVersionDate "2017.10.13"]
[SourceQuality "1"]
[WhiteTeam "Upsala"]
[BlackTeam "Norrkoping Schack 08"]
[WhiteTeamCountry "SWE"]
[BlackTeamCountry "SWE"]

1. d4 f5 2. g3 Nf6 3. Bg2 e6 4. Nf3 c5 5. 0-0 Nc6 6. c4 cxd4 7. Nxd4 Bc5 8. Nb3 Bb6 9. Nc3 a6 10. c5 Ba7 11. Bf4 0-0 12. Bd6 Rf7 13. e4 Ne8 14. exf5 Rxf5 15. Ne4 b6 16. cxb6 Bxb6 17. Bc5 Bxc5 18. Nexc5 d5 19. Rc1 Qf6 20. Nxe6 Qxe6 21. Rxc6 Qd7 22. Nd4 Rf6 23. Rc5 Bb7 24. Qc2 Rd8 25. Rd1 Qf7 26. f4 Rfd6 27. Nf3 Nf6 28. Rc7 R8d7 29. Rxd7 Qxd7 30. Ne5 Qb5 31. Qc7 Qb6+ 32. Qxb6 Rxb6 33. b3 Kf8 34. Rc1 d4 35. Bxb7 Rxb7 36. Rc4 Nd7 37. Rc8+ Ke7 38. Nc6+ Kd6 39. Nxd4 Kd5 40. Nf3 h6 41. Rc4 Nf6 42. Ra4 Rb6 43. Kf2 Ng4+ 44. Ke2 Re6+ 45. Kd2 Re3 46. Ne5 Re4 47. Rxe4 Kxe4 48. Nxg4 1-0